000 01863cam a2200349 a 4500
999 _c24673
_d24673
001 15026947
005 20170130090244.0
008 070928s2008 nmuaf b s001 0 eng
010 _a 2007040603
020 _a9780826334596 (pbk. : alk. paper)
020 _a0826334598 (pbk. : alk. paper)
035 _a(OCoLC)ocn173640980
035 _a(OCoLC)173640980
040 _aDLC
_cDLC
_dYDXCP
_dBTCTA
_dBAKER
_dC#P
_dBWX
_dCDX
_dDLC
043 _acl-----
050 0 0 _aN6502.2
_b.D66 2008
100 1 _aDonahue-Wallace, Kelly,
_d1968-
245 1 0 _aArt and architecture of viceregal Latin America, 1521-1821 /
_cKelly Donahue-Wallace.
260 _aAlbuquerque :
_bUniversity of New Mexico Press,
_c2008.
300 _axxvii, 276 p., 32 p. of plates :
_bill. (some col.) ;
_c26 cm.
490 1 _aDiálogos
504 _aIncludes bibliographical references (p. 262-271) and index.
650 0 _aArt, Colonial
_zLatin America.
650 0 _aArt, Latin American.
830 0 _aDiálogos (Albuquerque, N.M.)
856 4 1 _3Table of contents only
_uhttp://www.loc.gov/catdir/toc/ecip081/2007040603.html
942 _2lcc
_cBOOKS
_hN6502.2 .D66 2008